| 000 | 00396nam a22001697a 4500 | ||
|---|---|---|---|
| 003 | OSt | ||
| 005 | 20211207093207.0 | ||
| 008 | 211207b |||||||| |||| 00| 0 eng d | ||
| 020 | _a817169845 | ||
| 040 | _cHU | ||
| 082 | _a371.4/DAV | ||
| 100 |
_aA. DAVID _919815 |
||
| 245 | _aGUIDANCE AND COUNSELLING | ||
| 260 |
_aNEW DELHI _b COMMONWEAITH _c2008 |
||
| 300 | _a355P | ||
| 942 |
_2ddc _cBOOKS _n0 |
||
| 999 |
_c21588 _d21588 |
||